[Event "Donau op 27th"]
[Site "Aschach"]
[Date "2018.12.27"]
[Round "3"]
[White "Stranz, Richard"]
[Black "Tratar, Marko"]
[Result "0-1"]
[WhiteElo "2095"]
[BlackElo "2453"]
[PlyCount "41"]
[EventDate "2018.12.26"]
[EventType "swiss"]
[EventRounds "7"]
[EventCountry "AUT"]
[SourceTitle "CBM 188 Extra"]
[Source "ChessBase"]
[SourceDate "2019.02.26"]
[SourceVersion "1"]
[SourceVersionDate "2019.02.26"]
[SourceQuality "1"]

1. e4 e6 2. d4 d5 3. Nc3 Bb4 4. e5 Ne7 5. Bd2 b6 6. a3 Bxc3 7. Bxc3 Ba6 8. Bxa6 Nxa6 9. Qd3 Nb8 10. b4 a6 11. Ne2 Nd7 12. a4 c5 13. b5 0-0 14. 0-0 Qc7 15. bxa6 cxd4 16. Nxd4 Nc5 17. Qe2 Rxa6 18. Nb5 Qd7 19. a5 Nc6 20. axb6 Rxb6 21. Bd4 0-1

[Event "AUT-chT2O 1213"]
[Site "Austria"]
[Date "2013.03.10"]
[Round "9.4"]
[White "Stranz, Richard"]
[Black "Wilke, Werner"]
[Result "1/2-1/2"]
[WhiteElo "2178"]
[BlackElo "2249"]
[PlyCount "77"]
[EventDate "2012.10.06"]
[EventType "team-tourn"]
[EventRounds "11"]
[EventCountry "AUT"]
[SourceTitle "EXT 2014"]
[Source "ChessBase"]
[SourceDate "2013.11.20"]
[SourceVersion "1"]
[SourceVersionDate "2013.11.20"]
[SourceQuality "1"]
[WhiteTeam "Lackenbach"]
[BlackTeam "Poechlarn"]
[WhiteTeamCountry "AUT"]
[BlackTeamCountry "AUT"]

1. e4 c5 2. Nc3 Nc6 3. Bb5 Nd4 4. Bc4 g6 5. Nf3 Bg7 6. Nxd4 cxd4 7. Qf3 e6 8. Nb5 d6 9. Qa3 Ke7 10. Qd3 e5 11. c3 a6 12. Na3 Be6 13. Bxe6 fxe6 14. cxd4 exd4 15. b3 e5 16. 0-0 Nf6 17. f4 Nd7 18. Bb2 b5 19. Nc2 Nc5 20. Qf3 Rf8 21. Nb4 Kf7 22. f5 Kg8 23. Nd5 Ra7 24. Ba3 Qg5 25. Bxc5 dxc5 26. d3 gxf5 27. exf5 Raf7 28. Qe4 Kh8 29. f6 Bxf6 30. Rf5 Qg6 31. Nxf6 Rxf6 32. Rxe5 Qf7 33. h3 Rf4 34. Qd5 Rf1+ 35. Rxf1 Qxf1+ 36. Kh2 Qf4+ 37. Kg1 Qf2+ 38. Kh2 Qf4+ 39. Kg1 1/2-1/2

[Event "AUT-chT2O 1213"]
[Site "Austria"]
[Date "2013.03.09"]
[Round "8.5"]
[White "Stranz, Richard"]
[Black "Fiala, Vaclav"]
[Result "1/2-1/2"]
[WhiteElo "2178"]
[BlackElo "2188"]
[PlyCount "133"]
[EventDate "2012.10.06"]
[EventType "team-tourn"]
[EventRounds "11"]
[EventCountry "AUT"]
[SourceTitle "EXT 2014"]
[Source "ChessBase"]
[SourceDate "2013.11.20"]
[SourceVersion "1"]
[SourceVersionDate "2013.11.20"]
[SourceQuality "1"]
[WhiteTeam "Lackenbach"]
[BlackTeam "Zwettl II"]
[WhiteTeamCountry "AUT"]
[BlackTeamCountry "AUT"]

1. e4 c5 2. Nc3 d6 3. Nf3 e6 4. d4 cxd4 5. Nxd4 Nf6 6. Be2 a6 7. 0-0 Be7 8. f4 0-0 9. Kh1 Qc7 10. Qe1 Nc6 11. Be3 Bd7 12. Qg3 Rfc8 13. Rae1 b5 14. a3 b4 15. axb4 Qb7 16. e5 Ne8 17. b5 Nxd4 18. Bxd4 axb5 19. exd6 Bxd6 20. Bd3 f5 21. Ne2 Bc6 22. Ng1 Ra4 23. c3 Bd5 24. Nf3 Ra2 25. Rf2 h6 26. Qg6 Qf7 27. Qxf7+ Kxf7 28. Bxb5 Bxf4 29. Ne5+ Bxe5 30. Bxe8+ Rxe8 31. Bxe5 g5 32. Kg1 h5 33. Rc1 Rc8 34. b4 Rca8 35. c4 Rxf2 36. Kxf2 Ra2+ 37. Ke3 Bxg2 38. b5 f4+ 39. Kd3 f3 40. Bd4 f2 41. Bxf2 Rxf2 42. c5 Rf1 43. Rc2 Rd1+ 44. Ke3 Bb7 45. c6 Bc8 46. Ra2 Rb1 47. Ra8 Rxb5 48. Rxc8 Rc5 49. Kd4 Rc2 50. c7 Ke7 51. Rg8 Rxc7 52. Rxg5 h4 53. Rh5 Kd6 54. Rxh4 Ra7 55. Rh8 Ra4+ 56. Ke3 Kd5 57. h4 Ra3+ 58. Kd2 Ke4 59. Rb8 Ra2+ 60. Ke1 Rh2 61. Rb4+ Kf3 62. Rb3+ Kg4 63. Rb4+ Kf5 64. Ra4 e5 65. Rb4 e4 66. h5 Kf4 67. Rb3 1/2-1/2

[Event "AUT-chT2O 1213"]
[Site "Austria"]
[Date "2012.10.06"]
[Round "1.4"]
[White "Wiedner, Robert"]
[Black "Stranz, Richard"]
[Result "1/2-1/2"]
[WhiteElo "2133"]
[BlackElo "2178"]
[PlyCount "82"]
[EventDate "2012.10.06"]
[EventType "team-tourn"]
[EventRounds "11"]
[EventCountry "AUT"]
[SourceTitle "EXT 2013"]
[Source "ChessBase"]
[SourceDate "2012.11.22"]
[SourceVersion "1"]
[SourceVersionDate "2012.11.22"]
[SourceQuality "1"]
[WhiteTeam "Mattersburg"]
[BlackTeam "Lackenbach"]
[WhiteTeamCountry "AUT"]
[BlackTeamCountry "AUT"]

1. Nf3 Nf6 2. c4 c5 3. g3 d5 4. cxd5 Nxd5 5. Bg2 Nc6 6. 0-0 e5 7. Nc3 Nc7 8. d3 Be7 9. Be3 Rb8 10. Rc1 0-0 11. a3 Bd7 12. Nd2 Re8 13. Re1 b6 14. a4 Nd4 15. Nc4 Bf8 16. b3 Be6 17. Rb1 f6 18. Bc1 Qd7 19. Ba3 Red8 20. Qc1 Bg4 21. Qb2 Qe8 22. h3 Be6 23. Kh2 Qh5 24. Nd2 Qf7 25. Qa2 Rbc8 26. Nc4 Na6 27. Nd1 Nb8 28. Bb2 Na6 29. Bc3 Nc7 30. Nde3 g6 31. Rf1 Bh6 32. Qb2 Na6 33. Rbe1 Nb8 34. Bd2 Na6 35. Bc1 Bg7 36. Nc2 Nxc2 37. Qxc2 Nb4 38. Qb1 Nc6 39. f4 Qc7 40. fxe5 Nxe5 41. Bf4 Qd7 1/2-1/2

[Event "AUT-chT2O 1112"]
[Site "Austria"]
[Date "2012.03.18"]
[Round "9.5"]
[White "Beck, Hartmuth"]
[Black "Stranz, Richard"]
[Result "0-1"]
[WhiteElo "2305"]
[BlackElo "2196"]
[PlyCount "110"]
[EventDate "2011.10.15"]
[EventType "team-tourn"]
[EventRounds "11"]
[EventCountry "AUT"]
[SourceTitle "EXT 2013"]
[Source "ChessBase"]
[SourceDate "2012.11.22"]
[SourceVersion "1"]
[SourceVersionDate "2012.11.22"]
[SourceQuality "1"]
[WhiteTeam "Wien Ottakring"]
[BlackTeam "Lackenbach"]
[WhiteTeamCountry "AUT"]
[BlackTeamCountry "AUT"]

1. c4 e5 2. Nc3 Nc6 3. g3 Bb4 4. Bg2 Bxc3 5. bxc3 d6 6. Rb1 Nge7 7. d3 0-0 8. Nf3 b6 9. 0-0 Rb8 10. h3 h6 11. Ne1 Na5 12. Nc2 Bb7 13. e4 f5 14. f3 fxe4 15. fxe4 Qd7 16. Ne3 Rxf1+ 17. Bxf1 Rf8 18. Bg2 Bc8 19. Rb2 Nb7 20. Rf2 Rxf2 21. Kxf2 Nc5 22. Kg1 Qe8 23. Ba3 Bd7 24. d4 Ba4 25. Qg4 Bd7 26. Qe2 Ne6 27. dxe5 dxe5 28. Nd5 c5 29. Bc1 Nc6 30. Bxh6 Qg6 31. Be3 Qxg3 32. Qf2 Qxf2+ 33. Kxf2 Ned8 34. h4 Nb7 35. Bg5 Kf7 36. Nc7 Nca5 37. Bf1 Nd6 38. Ke3 Naxc4+ 39. Bxc4+ Nxc4+ 40. Kd3 Nd6 41. Nd5 Bb5+ 42. Ke3 Bc6 43. Bd8 Ke6 44. Ne7 Bxe4 45. Nc8 Nxc8 46. Kxe4 Nd6+ 47. Kd3 Kd5 48. Bc7 e4+ 49. Kd2 Nc4+ 50. Ke2 g6 51. Bb8 a6 52. Bc7 b5 53. Bd8 Nd6 54. Ke3 Nf5+ 55. Kf4 e3 0-1

[Event "AUT-chT2O 1112"]
[Site "Austria"]
[Date "2012.01.14"]
[Round "5.5"]
[White "Travenec, Igor"]
[Black "Stranz, Richard"]
[Result "1-0"]
[WhiteElo "2196"]
[BlackElo "2196"]
[PlyCount "91"]
[EventDate "2011.10.15"]
[EventType "team-tourn"]
[EventRounds "11"]
[EventCountry "AUT"]
[SourceTitle "EXT 2013"]
[Source "ChessBase"]
[SourceDate "2012.11.22"]
[SourceVersion "1"]
[SourceVersionDate "2012.11.22"]
[SourceQuality "1"]
[WhiteTeam "Pamhagen"]
[BlackTeam "Lackenbach"]
[WhiteTeamCountry "AUT"]
[BlackTeamCountry "AUT"]

1. e4 c5 2. Nf3 Nc6 3. d4 cxd4 4. Nxd4 Nf6 5. Nc3 e6 6. Be2 d6 7. 0-0 Be7 8. Be3 0-0 9. Kh1 a6 10. f4 Qc7 11. Qe1 Nxd4 12. Bxd4 b5 13. Qg3 Bb7 14. e5 Ne8 15. Bd3 Rd8 16. f5 dxe5 17. Bxe5 Bd6 18. Bxd6 Qxd6 19. fxe6 fxe6 20. Rxf8+ Kxf8 21. Qg5 Kg8 22. Rd1 Bd5 23. Nxd5 exd5 24. h3 Nf6 25. Re1 Qb4 26. c3 Qd6 27. Qf5 Rf8 28. Qe6+ Qxe6 29. Rxe6 Ne4 30. Bxe4 Rf1+ 31. Kh2 dxe4 32. Rxe4 Rf2 33. Rb4 Kf7 34. Kg3 Rc2 35. a4 bxa4 36. Rxa4 Rxb2 37. Rxa6 Rc2 38. Rc6 h6 39. h4 Ke7 40. h5 Kd7 41. Rc4 Kd6 42. Kf3 Ke6 43. g4 Ke5 44. Rc7 Kf6 45. Rc6+ Kg5 46. Kg3 1-0

[Event "AUT-chT 1011"]
[Site "Austria"]
[Date "2011.01.23"]
[Round "7.6"]
[White "Atlas, Dimitry"]
[Black "Stranz, Richard"]
[Result "0-1"]
[WhiteElo "2344"]
[BlackElo "2219"]
[PlyCount "104"]
[EventDate "2010.11.19"]
[EventType "team-tourn"]
[EventRounds "11"]
[EventCountry "AUT"]
[SourceTitle "EXT 2012"]
[Source "ChessBase"]
[SourceDate "2011.11.24"]
[SourceVersion "1"]
[SourceVersionDate "2011.11.24"]
[SourceQuality "1"]
[WhiteTeam "Hohenems"]
[BlackTeam "Lackenbach"]
[WhiteTeamCountry "AUT"]
[BlackTeamCountry "AUT"]

1. e4 c5 2. c3 d5 3. exd5 Qxd5 4. d4 Nc6 5. Nf3 cxd4 6. cxd4 e5 7. Nc3 Bb4 8. Bd2 Bxc3 9. Bxc3 e4 10. Nd2 Nf6 11. Bc4 Qf5 12. Nf1 Nd5 13. Ng3 Nxc3 14. bxc3 Qa5 15. 0-0 0-0 16. Nxe4 Bf5 17. Nd6 Bg6 18. Qf3 Qc7 19. Nb5 Qa5 20. Qg3 a6 21. Nd6 Qb6 22. Be2 Qb2 23. Rfe1 Rad8 24. h4 h5 25. a4 Na5 26. Nc4 Nxc4 27. Bxc4 Rc8 28. Ra2 Qb6 29. Bd5 Qa5 30. Bxb7 Rxc3 31. Qe5 Qb6 32. Be4 f6 33. Bd5+ Kh7 34. Qf4 Rd8 35. Be4 Rxd4 36. Bxg6+ Kxg6 37. Rb2 Rxf4 38. Rxb6 Rxa4 39. Re7 Rc1+ 40. Kh2 Rxh4+ 41. Kg3 Rg4+ 42. Kh2 Rc2 43. Kg1 a5 44. Rbb7 Kh6 45. Re8 a4 46. Rh8+ Kg6 47. g3 Rg5 48. Ra7 Rc4 49. Kg2 h4 50. Kh3 hxg3 51. fxg3 Rcg4 52. Kh2 Rh5+ 0-1

[Event "AUT-chT2O 0809"]
[Site "Austria"]
[Date "2008.11.23"]
[Round "5.4"]
[White "Stranz, Richard"]
[Black "Fusi, Christoph"]
[Result "1/2-1/2"]
[WhiteElo "2253"]
[BlackElo "2280"]
[PlyCount "39"]
[EventDate "2008.10.03"]
[EventType "team-tourn"]
[EventRounds "11"]
[EventCountry "AUT"]
[SourceTitle "CBM 127 Extra"]
[Source "ChessBase"]
[SourceDate "2009.01.08"]
[SourceVersion "2"]
[SourceVersionDate "2009.01.28"]
[SourceQuality "1"]
[WhiteTeam "Lackenbach"]
[BlackTeam "Waehring"]
[WhiteTeamCountry "AUT"]
[BlackTeamCountry "AUT"]

1. e4 c6 2. d4 d5 3. Nc3 dxe4 4. Nxe4 Nd7 5. Nf3 Ngf6 6. Ned2 e6 7. g3 b6 8. Bg2 Bb7 9. 0-0 Qc7 10. Nc4 Nd5 11. Re1 Be7 12. Bg5 h6 13. Bxe7 Nxe7 14. Nfe5 0-0 15. Qf3 Rad8 16. Rad1 Ba8 17. Qa3 Nf6 18. Ne3 c5 19. Bxa8 Rxa8 20. f4 1/2-1/2

[Event "AUT-chT2O 0809"]
[Site "Austria"]
[Date "2008.11.22"]
[Round "4.5"]
[White "Stranz, Richard"]
[Black "Bachofner, Christian"]
[Result "0-1"]
[WhiteElo "2253"]
[BlackElo "2110"]
[PlyCount "62"]
[EventDate "2008.10.03"]
[EventType "team-tourn"]
[EventRounds "11"]
[EventCountry "AUT"]
[SourceTitle "CBM 127 Extra"]
[Source "ChessBase"]
[SourceDate "2009.01.08"]
[SourceVersion "2"]
[SourceVersionDate "2009.01.28"]
[SourceQuality "1"]
[WhiteTeam "Lackenbach"]
[BlackTeam "Nickelsdorf"]
[WhiteTeamCountry "AUT"]
[BlackTeamCountry "AUT"]

1. e4 c5 2. Nc3 d6 3. Nf3 Nf6 4. e5 dxe5 5. Nxe5 a6 6. a4 Nbd7 7. Nc4 e6 8. a5 b5 9. axb6 Nxb6 10. Nxb6 Qxb6 11. Be2 Bb7 12. 0-0 Bd6 13. b3 0-0 14. Bb2 Rfd8 15. Ra4 Qc7 16. Rh4 Be5 17. Bf3 Bxf3 18. Qxf3 Rab8 19. d3 Rb4 20. Qh3 h6 21. Nd1 Nd5 22. Re1 Bxb2 23. Nxb2 Rxh4 24. Qxh4 Qa5 25. Kf1 Rb8 26. Qg3 Rb4 27. Na4 Rd4 28. Re4 Rxe4 29. dxe4 Qd2 30. Qd3 Qc1+ 31. Ke2 Nf4+ 0-1

[Event "AUT-chT2O 0708"]
[Site "Austria"]
[Date "2008.03.16"]
[Round "11.6"]
[White "Lipp, Alfred"]
[Black "Stranz, Richard"]
[Result "0-1"]
[WhiteElo "2144"]
[BlackElo "2226"]
[PlyCount "110"]
[EventDate "2007.10.20"]
[EventType "team"]
[EventRounds "11"]
[EventCountry "AUT"]
[SourceTitle "EXT 2009"]
[Source "ChessBase"]
[SourceDate "2008.11.26"]
[SourceVersion "1"]
[SourceVersionDate "2008.11.26"]
[SourceQuality "1"]
[WhiteTeam "Zwettl"]
[BlackTeam "Lackenbach"]
[WhiteTeamCountry "AUT"]
[BlackTeamCountry "AUT"]

1. c4 e5 2. Nc3 Bb4 3. g3 Bxc3 4. bxc3 d6 5. Bg2 Nd7 6. Rb1 Rb8 7. d3 Ne7 8. Nf3 0-0 9. 0-0 Ng6 10. e4 Nc5 11. Ng5 h6 12. d4 hxg5 13. dxc5 dxc5 14. Qxd8 Rxd8 15. Bxg5 f6 16. Be3 Be6 17. Bxc5 b6 18. Be3 Bxc4 19. Rfc1 a5 20. a3 Ne7 21. h4 Nc8 22. Rb2 Nd6 23. Rd2 a4 24. f3 Nb5 25. Bf1 Bxf1 26. Kxf1 Rxd2 27. Bxd2 Nxa3 28. c4 b5 29. cxb5 Nxb5 30. Ra1 Ra8 31. Be3 a3 32. Ke2 Nd4+ 33. Bxd4 exd4 34. Kd3 c5 35. Kc4 a2 36. f4 Ra5 37. g4 Kf7 38. h5 Ke7 39. g5 fxg5 40. fxg5 Kd6 41. h6 gxh6 42. gxh6 Ra3 43. Kb5 Ke5 44. Kxc5 Kxe4 45. h7 Rc3+ 46. Kb4 Rh3 47. Rxa2 Rxh7 48. Kb3 Kd3 49. Rg2 Rb7+ 50. Ka2 Kc3 51. Rh2 d3 52. Rh8 Kc2 53. Rc8+ Kd1 54. Rd8 d2 55. Rd6 Re7 0-1

[Event "AUT-chT2O 0708"]
[Site "Austria"]
[Date "2008.02.17"]
[Round "9.4"]
[White "Stranz, Richard"]
[Black "Brandner, Stefan"]
[Result "1/2-1/2"]
[WhiteElo "2226"]
[BlackElo "2318"]
[PlyCount "59"]
[EventDate "2007.10.20"]
[EventType "team"]
[EventRounds "11"]
[EventCountry "AUT"]
[SourceTitle "EXT 2009"]
[Source "ChessBase"]
[SourceDate "2008.11.26"]
[SourceVersion "1"]
[SourceVersionDate "2008.11.26"]
[SourceQuality "1"]
[WhiteTeam "Lackenbach"]
[BlackTeam "Baden"]
[WhiteTeamCountry "AUT"]
[BlackTeamCountry "AUT"]

1. e4 e5 2. Nf3 Nc6 3. Nc3 Nf6 4. d4 exd4 5. Nxd4 Bb4 6. Nxc6 bxc6 7. Bd3 d5 8. exd5 cxd5 9. 0-0 0-0 10. Bg5 c6 11. Ne2 h6 12. Bh4 Bd6 13. Bg3 Bxg3 14. Nxg3 Rb8 15. Rb1 Rb4 16. Qd2 Rh4 17. Rfe1 g6 18. Nf1 Qd6 19. g3 Rh5 20. c3 Ng4 21. Be2 f5 22. Bxg4 fxg4 23. Ne3 Qf6 24. Rbd1 Re5 25. Ng2 Rf5 26. Qxh6 Rxf2 27. Nf4 Rxb2 28. Qxg6+ Qxg6 29. Nxg6 Rff2 30. Ne7+ 1/2-1/2

[Event "AUT-chT2O 0708"]
[Site "Austria"]
[Date "2008.01.27"]
[Round "7.5"]
[White "Wiedner, Robert"]
[Black "Stranz, Richard"]
[Result "1-0"]
[WhiteElo "2197"]
[BlackElo "2226"]
[PlyCount "59"]
[EventDate "2007.10.20"]
[EventType "team"]
[EventRounds "11"]
[EventCountry "AUT"]
[SourceTitle "EXT 2009"]
[Source "ChessBase"]
[SourceDate "2008.11.26"]
[SourceVersion "1"]
[SourceVersionDate "2008.11.26"]
[SourceQuality "1"]
[WhiteTeam "Wiener Neustadt"]
[BlackTeam "Lackenbach"]
[WhiteTeamCountry "AUT"]
[BlackTeamCountry "AUT"]

1. d4 Nf6 2. c4 e5 3. dxe5 Ng4 4. e4 Nxe5 5. f4 Nec6 6. Nf3 Bc5 7. Nc3 d6 8. a3 a5 9. Qd3 0-0 10. Bd2 Bg4 11. 0-0-0 a4 12. Nd5 f5 13. e5 dxe5 14. fxe5 Bxf3 15. Qxf3 Nxe5 16. Qg3 Ng4 17. Be2 Ra6 18. Rhf1 Rg6 19. Nf4 Rd6 20. Bxg4 fxg4 21. Qxg4 Qd7 22. Qxd7 Nxd7 23. Nd5 Rc6 24. Bf4 Nb6 25. Kb1 Nxc4 26. Rc1 b5 27. Ka2 Rd8 28. Nxc7 Nd6 29. Ne6 Rdc8 30. Nxc5 1-0

[Event "AUT-chT2O 0708"]
[Site "Austria"]
[Date "2007.10.21"]
[Round "2.4"]
[White "Jirovec, Alfred"]
[Black "Stranz, Richard"]
[Result "0-1"]
[WhiteElo "2112"]
[BlackElo "2226"]
[PlyCount "98"]
[EventDate "2007.10.20"]
[EventType "team"]
[EventRounds "11"]
[EventCountry "AUT"]
[SourceTitle "EXT 2009"]
[Source "ChessBase"]
[SourceDate "2008.11.26"]
[SourceVersion "1"]
[SourceVersionDate "2008.11.26"]
[SourceQuality "1"]
[WhiteTeam "Nickelsdorf"]
[BlackTeam "Lackenbach"]
[WhiteTeamCountry "AUT"]
[BlackTeamCountry "AUT"]

1. d4 Nf6 2. Nf3 c5 3. e3 g6 4. Bd3 Bg7 5. 0-0 0-0 6. Nbd2 d5 7. c3 Qd6 8. Ne5 Nfd7 9. f4 f6 10. Nxd7 Bxd7 11. Nf3 Nc6 12. Qe1 e5 13. fxe5 fxe5 14. Qg3 Qe7 15. Bb5 e4 16. Ng5 Nxd4 17. exd4 Bxb5 18. Rxf8+ Rxf8 19. Be3 cxd4 20. cxd4 h6 21. Nh3 Kh7 22. Kh1 Qb4 23. Nf4 Qd6 24. a4 Bd7 25. b4 Rc8 26. Qf2 g5 27. Nh5 Rf8 28. Qd2 Bh8 29. b5 Bg4 30. Ng3 Rc8 31. Rf1 Rf8 32. Rc1 Bf6 33. Qa5 Rc8 34. Rf1 Kg6 35. Qxa7 Rc3 36. Bg1 e3 37. Qxb7 h5 38. a5 h4 39. Ne4 dxe4 40. Qxe4+ Kh6 41. Bxe3 Be2 42. Re1 Bxb5 43. Qxh4+ Kg6 44. Qe4+ Kg7 45. h4 Bc6 46. Qg4 Bd7 47. Qh5 Qg3 48. Qe2 Qxh4+ 49. Kg1 Rxe3 0-1

[Event "AUT-chT2O 0607"]
[Site "Austria"]
[Date "2007.04.15"]
[Round "11.5"]
[White "Stranz, Richard"]
[Black "Granabetter, Josef"]
[Result "1-0"]
[WhiteElo "2217"]
[BlackElo "2009"]
[PlyCount "47"]
[EventDate "2006.10.06"]
[EventType "team-tourn"]
[EventRounds "11"]
[EventCountry "AUT"]
[SourceTitle "EXT 2007"]
[Source "ChessBase"]
[SourceDate "2006.11.23"]
[SourceVersion "1"]
[SourceVersionDate "2006.11.23"]
[SourceQuality "1"]
[WhiteTeam "Lackenbach"]
[BlackTeam "Tschaturanga Neubau"]
[WhiteTeamCountry "AUT"]
[BlackTeamCountry "AUT"]

1. e4 c5 2. Nc3 Nc6 3. Bb5 e6 4. Bxc6 bxc6 5. d3 d5 6. Nge2 Nf6 7. Ng3 d4 8. Nb1 Be7 9. 0-0 0-0 10. f4 Rb8 11. b3 a5 12. a4 Ne8 13. Na3 Ba6 14. Bd2 Qc7 15. Qe1 Bd8 16. e5 f5 17. exf6 Rxf6 18. Ne4 Rh6 19. Nxc5 Bc8 20. Nc4 Qf7 21. f5 Rxh2 22. Kxh2 Qh5+ 23. Kg1 Bh4 24. Qd1 1-0

[Event "AUT-chT2O 0607"]
[Site "Austria"]
[Date "2007.03.11"]
[Round "9.5"]
[White "Stranz, Richard"]
[Black "Wiedermann, Franz"]
[Result "1-0"]
[WhiteElo "2217"]
[BlackElo "2119"]
[PlyCount "107"]
[EventDate "2006.10.06"]
[EventType "team-tourn"]
[EventRounds "11"]
[EventCountry "AUT"]
[SourceTitle "EXT 2007"]
[Source "ChessBase"]
[SourceDate "2006.11.23"]
[SourceVersion "1"]
[SourceVersionDate "2006.11.23"]
[SourceQuality "1"]
[WhiteTeam "Lackenbach"]
[BlackTeam "Stockerau"]
[WhiteTeamCountry "AUT"]
[BlackTeamCountry "AUT"]

1. e4 d5 2. exd5 Qxd5 3. Nc3 Qa5 4. d4 c6 5. Nf3 Bf5 6. Bc4 e6 7. Bd2 Qb6 8. Qe2 Be7 9. 0-0-0 Nd7 10. Ne5 Nxe5 11. dxe5 h5 12. Ne4 Bxe4 13. Qxe4 Nh6 14. Be3 Bc5 15. Bxe6 Bxe3+ 16. fxe3 0-0 17. Bb3 Ng4 18. e6 Qxe3+ 19. Qxe3 Nxe3 20. exf7+ Kh7 21. Rd7 Rab8 22. Re1 Nxg2 23. Ree7 b5 24. Rxa7 c5 25. Bd5 Nf4 26. Be4+ g6 27. c3 Kg7 28. Kc2 Kf6 29. Rec7 Ke5 30. Re7+ Kf6 31. Rec7 Ke5 32. Bc6 g5 33. Be8 Ne6 34. Re7 Kf6 35. Rab7 Rxb7 36. Rxb7 g4 37. Kd2 Kg5 38. Ke3 Ng7 39. Bxb5 Nf5+ 40. Kf2 Nd6 41. Rb6 Rxf7+ 42. Kg1 Nxb5 43. Rxb5 Kf4 44. Rxc5 h4 45. Rd5 Kf3 46. Rd2 Ke3 47. Rg2 Rf4 48. b3 h3 49. Rb2 Kd3 50. c4 Ke3 51. Rb1 Rf2 52. Re1+ Kf3 53. Rf1 g3 54. Rxf2+ 1-0

[Event "AUT-chT2O 0405"]
[Site "Austria"]
[Date "2005.02.26"]
[Round "8.4"]
[White "Holzer, Gerhard"]
[Black "Stranz, Richard"]
[Result "1-0"]
[WhiteElo "2276"]
[BlackElo "2272"]
[PlyCount "113"]
[EventDate "2004.10.09"]
[EventType "team-tourn"]
[EventRounds "11"]
[EventCountry "AUT"]
[SourceTitle "EXT 2005"]
[Source "ChessBase"]
[SourceDate "2004.11.15"]
[SourceVersion "1"]
[SourceVersionDate "2004.11.15"]
[SourceQuality "1"]
[WhiteTeam "Donaustadt"]
[BlackTeam "Lackenbach"]
[WhiteTeamCountry "AUT"]
[BlackTeamCountry "AUT"]

1. b3 d5 2. Bb2 Bg4 3. d3 Nd7 4. h3 Bh5 5. c4 c6 6. g4 Bg6 7. Bg2 e6 8. Nd2 h5 9. gxh5 Rxh5 10. Qc2 Ngf6 11. Bf3 Rh4 12. 0-0-0 Qb6 13. e3 0-0-0 14. Be2 Bd6 15. Ngf3 Rh6 16. cxd5 exd5 17. Nb1 Rdh8 18. Ng5 Qa5 19. Bc3 Qd8 20. Rhg1 Qe7 21. Bb2 Kb8 22. Rde1 Nh7 23. Nf3 Nhf6 24. Ng5 Ne8 25. Nd2 f6 26. Ngf3 Nc7 27. Rg2 Bf5 28. Reg1 R8h7 29. h4 Na6 30. Nd4 Bh3 31. Rg6 Rxg6 32. Rxg6 Nb4 33. Qb1 Rxh4 34. a3 Na6 35. b4 Ne5 36. Rg1 Nc7 37. Rh1 g5 38. f4 gxf4 39. Nf5 Bxf5 40. Rxh4 fxe3 41. Rh8+ Bc8 42. Nf1 Qg7 43. Rh1 Qg2 44. Rh2 Qg1 45. Bd4 Ng4 46. Rh8 Ne6 47. Bxa7+ Kxa7 48. Rxc8 Nh2 49. Qc2 Nc7 50. Qa4+ Na6 51. Rxc6 bxc6 52. d4 Nxf1 53. Qxa6+ Kb8 54. Qb6+ Kc8 55. Qxc6+ Bc7 56. Ba6+ Kd8 57. Qxf6+ 1-0

[Event "AUT-chT2O 0405"]
[Site "Austria"]
[Date "2004.11.20"]
[Round "3.3"]
[White "Groetz, Harald"]
[Black "Stranz, Richard"]
[Result "1-0"]
[WhiteElo "2299"]
[BlackElo "2272"]
[PlyCount "35"]
[EventDate "2004.10.09"]
[EventType "team-tourn"]
[EventRounds "11"]
[EventCountry "AUT"]
[SourceTitle "EXT 2005"]
[Source "ChessBase"]
[SourceDate "2004.11.15"]
[SourceVersion "1"]
[SourceVersionDate "2004.11.15"]
[SourceQuality "1"]
[WhiteTeam "Stockerau"]
[BlackTeam "Lackenbach"]
[WhiteTeamCountry "AUT"]
[BlackTeamCountry "AUT"]

1. e4 e6 2. d4 d5 3. Nd2 dxe4 4. Nxe4 Nd7 5. Nf3 Ngf6 6. Bd3 c5 7. 0-0 Nxe4 8. Bxe4 Nf6 9. Bg5 cxd4 10. Nxd4 Be7 11. Bf3 0-0 12. Re1 Qa5 13. Bf4 Rd8 14. c3 Nd5 15. Be5 Qb6 16. Qe2 Nf6 17. Nf5 Bf8 18. Nh6+ 1-0

[Event "AUT-chT2O 0405"]
[Site "Austria"]
[Date "2004.10.09"]
[Round "1.2"]
[White "Stranz, Richard"]
[Black "Neumeier, Klaus"]
[Result "1/2-1/2"]
[WhiteElo "2272"]
[BlackElo "2304"]
[PlyCount "71"]
[EventDate "2004.10.09"]
[EventType "team-tourn"]
[EventRounds "11"]
[EventCountry "AUT"]
[SourceTitle "EXT 2005"]
[Source "ChessBase"]
[SourceDate "2004.11.15"]
[SourceVersion "1"]
[SourceVersionDate "2004.11.15"]
[SourceQuality "1"]
[WhiteTeam "Lackenbach"]
[BlackTeam "Eichgraben/Pressbaum"]
[WhiteTeamCountry "AUT"]
[BlackTeamCountry "AUT"]

1. e4 e5 2. Nf3 Nc6 3. d4 exd4 4. Bc4 Nf6 5. e5 Ng4 6. Qe2 Qe7 7. Bf4 f6 8. exf6 Qxe2+ 9. Bxe2 Nxf6 10. Bxc7 d6 11. Bb5 Bd7 12. Bxc6 Bxc6 13. Nxd4 Bxg2 14. Rg1 Bd5 15. Nc3 Kd7 16. Nxd5 Nxd5 17. Ba5 Re8+ 18. Kf1 g6 19. Rd1 Re5 20. Bd2 Be7 21. c4 Re4 22. Bg5 Nc7 23. Bxe7 Kxe7 24. Rg3 Rf8 25. Rb3 b6 26. Re1 Rxe1+ 27. Kxe1 Kd7 28. Ra3 a6 29. Rh3 h5 30. Ke2 Re8+ 31. Kd3 Ne6 32. Nxe6 Rxe6 33. Rg3 Rf6 34. Ke3 Re6+ 35. Kd3 Rf6 36. Ke3 1/2-1/2